Ako účtovať skladiskové záložné listy a tovarové záložné listy
Od r. 1998 nadobudol účinnosť zákon č. 144/1998 Z.z. o skladiskovom záložnom liste, tovarovom záložnom liste a o doplnení niektorých ďalších zákonov. Skladiskový a tovarový záložný list sú cennými papiermi s cieľom získať peňažné prostriedky pre ukladateľa. Postup účtovania skladiskového záložného l...
Salvato in:
| Autore principale: | |
|---|---|
| Natura: | Capitolo di libro |
| Lingua: | slovacco |
| Soggetti: | |
| Tags: |
Nessun Tag, puoi essere il primo ad aggiungerne!!
|
MARC
| LEADER | 00000naa a2200000 4500 | ||
|---|---|---|---|
| 001 | r036299 | ||
| 005 | 20231002072035.1 | ||
| 041 | 0 | |a slo | |
| 044 | |a SK | ||
| 245 | 1 | 0 | |a Ako účtovať skladiskové záložné listy a tovarové záložné listy |c Anna Cenigová |
| 520 | |a Od r. 1998 nadobudol účinnosť zákon č. 144/1998 Z.z. o skladiskovom záložnom liste, tovarovom záložnom liste a o doplnení niektorých ďalších zákonov. Skladiskový a tovarový záložný list sú cennými papiermi s cieľom získať peňažné prostriedky pre ukladateľa. Postup účtovania skladiskového záložného listu a tovarového záložného listu. | ||
| 610 | 2 | 0 | |a účtovanie |
| 610 | 2 | 0 | |a účtovníctvo skladové |
| 610 | 2 | 0 | |a listy záložné skladiskové |
| 610 | 2 | 0 | |a listy záložné tovarové |
| 610 | 2 | 0 | |a listy záložné |
| 610 | 2 | 0 | |a tovar |
| 610 | 2 | 0 | |a predpisy právne |
| 610 | 2 | 0 | |a sklady |
| 610 | 2 | 0 | |a účty podsúvahové |
| 610 | 2 | 0 | |a varanty |
| 100 | 1 | |a Cenigová, Anna | |